| 000 | 00838nam a2200241 a 4500 | ||
|---|---|---|---|
| 003 | EG-GiCUC | ||
| 008 | 090609s1982 mk f 000 0 ara d | ||
| 040 |
_aEG-GiCUC _bara _cEG-GiCUC |
||
| 043 |
_aa*jo*** _aa*is*** _ama***** |
||
| 050 | 4 |
_aDS126.99.J6 _bM87 1982 |
|
| 092 | 0 | 4 |
_a956.804 _bM9851 _221 |
| 099 |
_a04 _a956.804 M9851 |
||
| 100 | 1 | _aموسى : سليمان | |
| 245 | 1 | 0 |
_aايام لاتنسى: _bالاردن فى حرب 1948/ _cتأليف سليمان موسى |
| 250 | _aط1 | ||
| 260 |
_aعمان:الاردن: _bالمؤلف: _c1982 |
||
| 300 |
_a573ص؛ _b24سم |
||
| 650 | 7 |
_aالنزاع العربى الاسرائيلى _zالاردن _2qrmak |
|
| 651 | 7 |
_aالاردن _xتاريخ _yالعصر الحديث _xالمملكة _y(1948) _2qrmak |
|
| 902 | _a1 | ||
| 905 |
_aعبير _eمدخل |
||
| 942 |
_2ddc _cBK |
||
| 999 |
_c111820 _d111820 |
||